000 00296nam a22001217a 4500
008 170920b xxu||||| |||| 00| 0 eng d
041 _aeng
080 _a7
100 _a45
101 _aART
245 _aNORMAN ROCKWEL A SIXTY YEAR RETROSPECTIVE
_cBUECHNER.TH.S
942 _2udc
_cBK
999 _c28510
_d28510